000 00675nam a22001697a 4500
005 20260205102931.0
008 260205b |||||||| |||| 00| 0 eng d
020 _a978-0-300-05672-3
050 _aKF 4575 . W 45 1990
100 _aWELLINGTON, HARRY H
245 _aINTERPRETING THE CONSTITUTION; THE SUPREME COURT AND THE PROCESS OF ADJUDICATION
260 _aNEW HAVEN,
_bYALE UNIVERSITY PRESS,
_c1990,,
300 _aXii, 196 P, ILL
500 _aINCLUDES INDEX AND BIBLIOGRAPHICAL REFERENCES
650 _aJUDICIAL REVIEW,-UNITED STATES 2. UNITED STATES-CONSTITUTIONAL LAW- INTERPRETATION AND CONSTRUTION 3. JUDICIAL PROCESS UNITED-STATESUCTION
942 _2lcc
_cBK
999 _c216550
_d216550